000 00393nam a2200169Ia 4500
003 STCL
008 181203s9999 xx 000 0 und d
020 _a9788173196157
040 _aSTCL
_bEN
_cSTCL
082 _222
100 _aPalaniappan, N.
245 0 _aFuzzy Topology
260 _bNarosa Publishing House
_aNew Delhi
_c2008
300 _a193
546 _aEnglish
942 _2ddc
_cBK
999 _c85026
_d85026